| 000 | 00488nam a2200169Ia 4500 | ||
|---|---|---|---|
| 008 | 151213s9999 xx 000 0 und d | ||
| 020 | _a81-7758-445-6 | ||
| 100 | _aAlfred V. Ravi Sethi & Jefrey | ||
| 245 |
_aCompilers Principles , Techniques & Tools _cAlfred V. Ravi Sethi & Jefrey |
||
| 250 | _a2nd | ||
| 260 |
_aIndia _bPearson Education _c2007 |
||
| 300 | _a6237 p. | ||
| 650 | _aComputer | ||
| 650 | _aComputer Language | ||
| 700 | _aAlfred V. Ravi Sethi & Jefrey | ||
| 999 |
_c3481 _d3481 |
||